[Event "VIE-ch"]
[Site "Tinh Bac Giang"]
[Date "2022.02.28"]
[Round "7"]
[White "Vo, Thanh Ninh"]
[Black "Nguyen, Van Huy"]
[Result "1-0"]
[WhiteElo "2359"]
[BlackElo "2407"]
[PlyCount "77"]
[EventDate "2022.02.28"]
[EventType "swiss"]
[EventRounds "9"]
[EventCountry "VIE"]
[SourceTitle "CBM 207 Extra"]
[Source "ChessBase"]
[SourceDate "2022.05.31"]
[SourceVersion "1"]
[SourceVersionDate "2022.05.31"]
[SourceQuality "1"]

1. c4 e6 2. g3 Nf6 3. Bg2 d5 4. Nf3 d4 5. 0-0 c5 6. e3 Nc6 7. exd4 cxd4 8. d3 Bd6 9. Na3 0-0 10. Nc2 e5 11. b4 Re8 12. Re1 a6 13. a4 Bf5 14. Rb1 h6 15. c5 Bb8 16. b5 axb5 17. axb5 Ne7 18. Nxe5 Ned5 19. Qf3 Bc8 20. Bf4 g5 21. Nxd4 gxf4 22. gxf4 Ra4 23. Qg3+ Kh7 24. Ndc6 bxc6 25. Nxc6 Rxe1+ 26. Rxe1 Qc7 27. Bxd5 Nxd5 28. Re8 Ra1+ 29. Kg2 Bh3+ 30. Kf3 Qxf4+ 31. Qxf4 Bxf4 32. Rd8 Bxh2 33. Rxd5 Rg1 34. Ke3 Be6 35. Rh5 Re1+ 36. Kd2 Rh1 37. Rh4 h5 38. b6 Kg6 39. Rxh2 1-0

[Event "VIE-ch"]
[Site "Ho Chi Minh City"]
[Date "2021.03.27"]
[Round "5"]
[White "Vo, Thanh Ninh"]
[Black "Nguyen, Hoang Nam2222"]
[Result "1/2-1/2"]
[WhiteElo "2365"]
[BlackElo "2200"]
[PlyCount "68"]
[EventDate "2021.03.24"]
[EventType "swiss"]
[EventRounds "9"]
[EventCountry "VIE"]
[SourceTitle "EXT 2022"]
[Source "ChessBase"]
[SourceDate "2021.10.06"]
[SourceVersion "1"]
[SourceVersionDate "2021.10.06"]
[SourceQuality "1"]

1. g3 e5 2. c4 Nf6 3. Nc3 Bb4 4. Bg2 Bxc3 5. dxc3 0-0 6. Nf3 e4 7. Nd4 Re8 8. Bg5 h6 9. Bxf6 Qxf6 10. 0-0 Nc6 11. f3 Ne5 12. b3 d6 13. Qd2 Bd7 14. f4 Ng4 15. e3 h5 16. h3 Nh6 17. Rad1 Rad8 18. Qf2 Bc8 19. Rd2 c6 20. Rfd1 Qg6 21. b4 f5 22. h4 Nf7 23. Bf1 Qf6 24. Qe1 Kh7 25. Rb1 a6 26. c5 dxc5 27. bxc5 Rd5 28. c4 Rdd8 29. Rdb2 Qe7 30. Qa5 Nh6 31. Be2 g6 32. Rd2 Ng8 33. Rbd1 Rd7 34. Nb3 Red8 1/2-1/2

[Event "VIE-ch"]
[Site "Ho Chi Minh City"]
[Date "2021.03.25"]
[Round "3"]
[White "Vo, Thanh Ninh"]
[Black "Duong, The Anh"]
[Result "1/2-1/2"]
[WhiteElo "2365"]
[BlackElo "2309"]
[PlyCount "49"]
[EventDate "2021.03.24"]
[EventType "swiss"]
[EventRounds "9"]
[EventCountry "VIE"]
[SourceTitle "EXT 2022"]
[Source "ChessBase"]
[SourceDate "2021.10.06"]
[SourceVersion "1"]
[SourceVersionDate "2021.10.06"]
[SourceQuality "1"]

1. g3 g6 2. Bg2 Bg7 3. c4 d6 4. Nc3 e5 5. e4 Nc6 6. Nge2 Nge7 7. 0-0 Be6 8. d3 0-0 9. Nd5 Qd7 10. Bg5 f6 11. Be3 f5 12. Qd2 Rab8 13. Rac1 a6 14. b3 Kh8 15. f4 fxe4 16. dxe4 Rbe8 17. Rf2 Bg4 18. Rcf1 Bxe2 19. Qxe2 Nd4 20. Qd3 c6 21. Nxe7 Qxe7 22. f5 g5 23. g4 Bf6 24. Qd2 Rg8 25. Bf3 1/2-1/2

[Event "VIE-ch op"]
[Site "Hanoi"]
[Date "2020.11.24"]
[Round "3"]
[White "Dau, Khuong Duy"]
[Black "Vo, Thanh Ninh"]
[Result "1/2-1/2"]
[WhiteElo "2321"]
[BlackElo "2344"]
[PlyCount "49"]
[EventDate "2020.11.23"]
[EventType "swiss"]
[EventRounds "9"]
[EventCountry "VIE"]
[SourceTitle "CBM 199 Extra"]
[Source "ChessBase"]
[SourceDate "2021.01.31"]
[SourceVersion "1"]
[SourceVersionDate "2021.01.31"]
[SourceQuality "1"]

1. e4 c5 2. Nc3 Nc6 3. g3 g6 4. Bg2 Bg7 5. Nge2 d6 6. 0-0 e5 7. d3 Nge7 8. f4 0-0 9. h3 Nd4 10. Nb1 Nxe2+ 11. Qxe2 exf4 12. gxf4 Be6 13. c3 Qd7 14. Kh2 f5 15. Nd2 fxe4 16. dxe4 d5 17. e5 Rf5 18. Nf3 Bh6 19. Nh4 Rh5 20. Qe1 Nf5 21. Nf3 Ne7 22. Nh4 Nf5 23. Nf3 Ne7 24. Nh4 Nf5 25. Nf3 1/2-1/2

[Event "VIE-ch"]
[Site "Hanoi"]
[Date "2020.10.06"]
[Round "2"]
[White "Doan, Van Duc"]
[Black "Vo, Thanh Ninh"]
[Result "1/2-1/2"]
[WhiteElo "2141"]
[BlackElo "2371"]
[PlyCount "77"]
[EventDate "2020.10.05"]
[EventType "swiss"]
[EventRounds "9"]
[EventCountry "VIE"]
[SourceTitle "EXT 2022"]
[Source "ChessBase"]
[SourceDate "2021.10.06"]
[SourceVersion "1"]
[SourceVersionDate "2021.10.06"]
[SourceQuality "1"]

1. b4 e5 2. Bb2 Nf6 3. a3 d6 4. e3 g6 5. Nf3 Bg7 6. Be2 0-0 7. 0-0 a5 8. c4 c6 9. Nc3 Na6 10. b5 Nc5 11. d4 exd4 12. Nxd4 Bd7 13. a4 Re8 14. Qc2 Rc8 15. Rfd1 Qe7 16. h3 Nce4 17. Nxe4 Nxe4 18. Bd3 Nc5 19. Bf1 cxb5 20. cxb5 Be6 21. Nxe6 fxe6 22. Bxg7 Kxg7 23. b6 Qf6 24. Rac1 d5 25. Qxc5 Rxc5 26. Rxc5 Rf8 27. Rc7+ Kh6 28. Rd2 e5 29. Rxb7 d4 30. exd4 exd4 31. Rd7 Qxb6 32. R7xd4 Rf7 33. Bb5 Qc5 34. Rh4+ Kg7 35. Rhd4 Qc1+ 36. Rd1 Qb2 37. R1d2 Qc1+ 38. Rd1 Qc5 39. R1d2 1/2-1/2

[Event "VIE-ch"]
[Site "Hanoi"]
[Date "2020.10.06"]
[Round "3"]
[White "Vo, Thanh Ninh"]
[Black "Tran, Ngoc Lan"]
[Result "1-0"]
[WhiteElo "2371"]
[BlackElo "2207"]
[PlyCount "105"]
[EventDate "2020.10.05"]
[EventType "swiss"]
[EventRounds "9"]
[EventCountry "VIE"]
[SourceTitle "EXT 2022"]
[Source "ChessBase"]
[SourceDate "2021.10.06"]
[SourceVersion "1"]
[SourceVersionDate "2021.10.06"]
[SourceQuality "1"]

1. c4 e5 2. g3 Nf6 3. Nc3 d5 4. cxd5 Nxd5 5. Bg2 Nxc3 6. bxc3 Bd6 7. Rb1 c6 8. Nf3 0-0 9. 0-0 Qe7 10. d3 Nd7 11. Nd2 Nf6 12. Nc4 Rd8 13. a4 Rb8 14. Be3 Bc5 15. Qc1 Bg4 16. Rb2 Nd5 17. Bxc5 Qxc5 18. Nxe5 Be6 19. Bxd5 Qxd5 20. Qf4 Bh3 21. e4 Qe6 22. Rfb1 f6 23. Nf3 b6 24. Ne1 Rb7 25. f3 g5 26. Qe3 Rg7 27. Rf2 f5 28. Qe2 h5 29. Qa2 Qxa2 30. Rxa2 fxe4 31. dxe4 Rgd7 32. Kf2 Rd2+ 33. Rxd2 Rxd2+ 34. Ke3 Rxh2 35. Rd1 Ra2 36. Rd6 Kg7 37. Rxc6 Rxa4 38. Nd3 h4 39. gxh4 gxh4 40. Nf4 Bf1 41. Rg6+ Kf7 42. Rh6 Ra3 43. Rxh4 Rxc3+ 44. Kf2 Bc4 45. Rh7+ Kf6 46. Rxa7 b5 47. Rb7 Rb3 48. Ng2 b4 49. Ne3 Rb2+ 50. Kg3 Ba2 51. f4 b3 52. e5+ Ke6 53. f5+ 1-0

[Event "Ho Chi Minh City HD Bank op 9th"]
[Site "Ho Chi Minh City"]
[Date "2019.03.13"]
[Round "9"]
[White "Vo, Thanh Ninh"]
[Black "Mendonca, Leon Luke"]
[Result "1/2-1/2"]
[WhiteElo "2358"]
[BlackElo "2446"]
[PlyCount "167"]
[EventDate "2019.03.07"]
[EventType "swiss"]
[EventRounds "9"]
[EventCountry "VIE"]
[SourceTitle "CBM 189 Extra"]
[Source "ChessBase"]
[SourceDate "2019.06.03"]
[SourceVersion "1"]
[SourceVersionDate "2019.06.03"]
[SourceQuality "1"]

1. g3 g6 2. Bg2 Bg7 3. c4 Nf6 4. Nc3 0-0 5. d3 c5 6. e4 Nc6 7. Nge2 Ne8 8. Be3 Nd4 9. 0-0 Nc7 10. Rb1 d6 11. b4 Rb8 12. Qd2 Bg4 13. f3 Bd7 14. Bf2 b5 15. cxb5 Ncxb5 16. Nxb5 Bxb5 17. Nxd4 cxd4 18. Rfc1 Qb6 19. Ra1 Ba4 20. Rc4 Rfc8 21. Rac1 Rxc4 22. Rxc4 Bb5 23. Rc2 Qa6 24. Bf1 Rc8 25. Rxc8+ Qxc8 26. Be1 Qc3 27. Qd1 Qb2 28. a4 Bd7 29. Bd2 h5 30. b5 Qa2 31. Bg5 Bf6 32. Bd2 Be6 33. a5 Qb2 34. b6 axb6 35. axb6 Qxb6 36. Qc1 Qb5 37. Be2 d5 38. exd5 Qxd5 39. h4 Qe5 40. Kf2 Qb5 41. Bf4 Bf5 42. Qd2 Kh7 43. Qc2 Kg7 44. Kg2 Be6 45. Qc1 Qf5 46. Kf2 Bd7 47. Bh6+ Kh7 48. Bd2 Bc8 49. Qa1 Bb7 50. Qa7 Bc6 51. Qa1 Kg7 52. Qc1 Bb7 53. Bh6+ Kh7 54. Bd2 Qh3 55. Qf1 Qd7 56. Qc1 Qf5 57. Qb1 Bd5 58. Qb5 Be5 59. f4 e6 60. Bf3 Bxf3 61. Kxf3 Qg4+ 62. Kf2 Bf6 63. Qb1 e5 64. Qh1 Kg7 65. Qf3 Qh3 66. Qe4 Qh2+ 67. Qg2 Qxg2+ 68. Kxg2 Kf8 69. Kf3 Ke7 70. Ke4 Ke6 71. fxe5 Bxe5 72. Be1 Kd6 73. Bb4+ Ke6 74. Be1 f6 75. Bf2 f5+ 76. Kf3 Kd5 77. Be1 Kc5 78. Bd2 Kb5 79. Be1 Ka4 80. Ke2 Kb3 81. Kd1 Bd6 82. Ke2 Kc2 83. Bf2 Be5 84. Be1 1/2-1/2

[Event "Ho Chi Minh City HD Bank op 9th"]
[Site "Ho Chi Minh City"]
[Date "2019.03.12"]
[Round "8"]
[White "Dang, Hoang Son"]
[Black "Vo, Thanh Ninh"]
[Result "0-1"]
[WhiteElo "2385"]
[BlackElo "2358"]
[PlyCount "140"]
[EventDate "2019.03.07"]
[EventType "swiss"]
[EventRounds "9"]
[EventCountry "VIE"]
[SourceTitle "CBM 189 Extra"]
[Source "ChessBase"]
[SourceDate "2019.06.03"]
[SourceVersion "1"]
[SourceVersionDate "2019.06.03"]
[SourceQuality "1"]

1. e4 e6 2. d3 d5 3. Nd2 Nf6 4. Ngf3 b6 5. e5 Nfd7 6. d4 c5 7. c3 Ba6 8. a3 Bxf1 9. Nxf1 c4 10. Ng3 Nc6 11. 0-0 Na5 12. Be3 Nb3 13. Rb1 Be7 14. Nd2 Nxd2 15. Bxd2 g6 16. Bh6 Bf8 17. Bxf8 Kxf8 18. f4 Nb8 19. Rf2 Nc6 20. Nf1 Ne7 21. g4 h5 22. h3 Ke8 23. Ne3 hxg4 24. hxg4 Rh3 25. Rh2 Rxe3 26. Rh8+ Kd7 27. Rxd8+ Rxd8 28. Kg2 Rh8 29. Qa4+ Nc6 30. Rh1 Rxh1 31. Kxh1 Re1+ 32. Kh2 Re2+ 33. Kg3 Rxb2 34. Qd1 Rb3 35. Qd2 Rxa3 36. Kh4 b5 37. Kg5 Ra6 38. Kf6 Nd8 39. Qb2 Rb6 40. Qb4 Rb7 41. Kg7 Ke8 42. Kg8 Rb6 43. Qc5 b4 44. cxb4 Rc6 45. Qf8+ Kd7 46. b5 Rc7 47. Qd6+ Kc8 48. Qa6+ Kb8 49. b6 axb6 50. Qxb6+ Nb7 51. Qb2 c3 52. Qc2 Na5 53. Kf8 Ka7 54. Ke8 Kb6 55. Qb1+ Ka6 56. Qc2 Kb5 57. Kd8 Rc4 58. Kd7 Nc6 59. f5 gxf5 60. gxf5 Nb4 61. Qc1 c2 62. fxe6 fxe6 63. Kxe6 Nd3 64. Qa3 Nf4+ 65. Kf5 c1Q 66. Qa7 Qe3 67. Qb7+ Ka4 68. Qa6+ Kb3 69. Kf6 Qxd4 70. Qd6 Nd3 0-1

[Event "Ho Chi Minh City HD Bank op 9th"]
[Site "Ho Chi Minh City"]
[Date "2019.03.10"]
[Round "6"]
[White "Laylo, Darwin"]
[Black "Vo, Thanh Ninh"]
[Result "1/2-1/2"]
[WhiteElo "2430"]
[BlackElo "2358"]
[PlyCount "52"]
[EventDate "2019.03.07"]
[EventType "swiss"]
[EventRounds "9"]
[EventCountry "VIE"]
[SourceTitle "CBM 189 Extra"]
[Source "ChessBase"]
[SourceDate "2019.06.03"]
[SourceVersion "1"]
[SourceVersionDate "2019.06.03"]
[SourceQuality "1"]

1. d4 Nf6 2. c4 g6 3. Nc3 Bg7 4. e4 d6 5. Nf3 0-0 6. h3 e5 7. dxe5 dxe5 8. Qxd8 Rxd8 9. Bg5 Na6 10. Nd5 Rd6 11. Bxf6 Bxf6 12. b4 c6 13. Nxf6+ Rxf6 14. a3 c5 15. b5 Nc7 16. Be2 Re6 17. 0-0 f6 18. Rfd1 Kf7 19. a4 a5 20. Ne1 Re7 21. Nc2 Rd7 22. Rxd7+ Bxd7 23. Rd1 Ke7 24. Ne3 Rd8 25. Bg4 Be8 26. Rxd8 Kxd8 1/2-1/2

[Event "Ho Chi Minh City HD Bank op 9th"]
[Site "Ho Chi Minh City"]
[Date "2019.03.09"]
[Round "4"]
[White "Predke, Alexandr"]
[Black "Vo, Thanh Ninh"]
[Result "1-0"]
[WhiteElo "2611"]
[BlackElo "2358"]
[PlyCount "157"]
[EventDate "2019.03.07"]
[EventType "swiss"]
[EventRounds "9"]
[EventCountry "VIE"]
[SourceTitle "CBM 189 Extra"]
[Source "ChessBase"]
[SourceDate "2019.06.03"]
[SourceVersion "1"]
[SourceVersionDate "2019.06.03"]
[SourceQuality "1"]

1. Nf3 Nf6 2. g3 g6 3. Bg2 Bg7 4. 0-0 0-0 5. d4 d6 6. b3 e5 7. dxe5 Ng4 8. Bg5 Qd7 9. Nc3 h6 10. Bd2 Nxe5 11. Nxe5 Bxe5 12. Qe1 Bg7 13. Rd1 Nc6 14. Nd5 f5 15. Bc3 Kh7 16. b4 Ne5 17. b5 c6 18. bxc6 bxc6 19. Nb4 Bb7 20. Nd3 Nxd3 21. Rxd3 Bf6 22. Bxf6 Rxf6 23. Qa5 c5 24. Qxc5 Bxg2 25. Kxg2 Qb7+ 26. Qd5 Qxd5+ 27. Rxd5 Rc8 28. Rc1 Rc3 29. Rd3 Rc6 30. Ra3 Rf7 31. Kf3 Rfc7 32. c3 Kg7 33. Ke3 Kf6 34. Kd3 Rb6 35. Kc2 Re7 36. e3 Ke5 37. f3 Kf6 38. Re1 Rc6 39. Re2 Rb6 40. Rb3 Ra6 41. Kd3 Ra5 42. Rb4 Rc7 43. a4 Rac5 44. Rc2 Ke6 45. Rb5 a6 46. Rb4 Rd5+ 47. Rd4 Rb7 48. Rd2 Rc5 49. Kc2 Rb6 50. e4 Rbc6 51. exf5+ Rxf5 52. Re2+ Kf6 53. Re3 g5 54. h4 Re5 55. Rxe5 Kxe5 56. Re4+ Kf6 57. Kd3 d5 58. Rb4 Ke5 59. hxg5 hxg5 60. Rb8 Rc4 61. Rb4 Rc6 62. Rg4 Kf5 63. c4 Rc5 64. Rd4 dxc4+ 65. Rxc4 Rd5+ 66. Ke3 Re5+ 67. Kd4 Re6 68. Rc5+ Kg6 69. a5 Rf6 70. Ke4 Re6+ 71. Re5 Rc6 72. g4 Rf6 73. Re7 Rc6 74. Rb7 Rc4+ 75. Kd3 Rf4 76. Rb6+ Kf7 77. Ke3 Rf6 78. Rxf6+ Kxf6 79. Kd4 1-0

[Event "VIE-chB"]
[Site "Ba Dinh"]
[Date "2018.11.30"]
[Round "5"]
[White "Vo, Thanh Ninh"]
[Black "Bui, Thanh Tung"]
[Result "1-0"]
[WhiteElo "2358"]
[BlackElo "1941"]
[PlyCount "87"]
[EventDate "2018.11.28"]
[EventType "swiss"]
[EventRounds "9"]
[EventCountry "VIE"]
[SourceTitle "EXT 2021"]
[Source "ChessBase"]
[SourceDate "2020.10.23"]
[SourceVersion "1"]
[SourceVersionDate "2020.10.23"]
[SourceQuality "1"]

1. g3 d5 2. Nf3 Nf6 3. Bg2 c5 4. 0-0 Nc6 5. d4 Bf5 6. c4 e6 7. cxd5 Nxd5 8. Nc3 Nxc3 9. bxc3 Be4 10. Qa4 Qa5 11. Qb3 cxd4 12. Ng5 Bxg2 13. Qxb7 Ne7 14. Qxg2 Rd8 15. cxd4 Rxd4 16. Rb1 h6 17. Qh3 Ng6 18. Nf3 Rd8 19. Be3 Bc5 20. Bxc5 Qxc5 21. Qg4 0-0 22. Qa4 Rb8 23. Rfc1 Rxb1 24. Rxb1 Rd8 25. Rb7 a5 26. Rb5 Qc1+ 27. Kg2 Kh7 28. Rxa5 Rd1 29. Rc5 Qa1 30. Rh5 f6 31. e3 Rh1 32. Qc4 Ne5 33. Nxe5 fxe5 34. Qe4+ Kg8 35. Kh3 Rg1 36. Qxe5 Qxa2 37. f3 Rh1 38. Kg4 Rb1 39. Qe4 Rc1 40. Qg6 Qc4+ 41. e4 Qc8 42. Rxh6 e5+ 43. Qe6+ Qxe6+ 44. Rxe6 1-0

[Event "VIE-ch"]
[Site "Ho Chi Minh City"]
[Date "2018.04.28"]
[Round "3"]
[White "Vo, Thanh Ninh"]
[Black "Pham, Xuan Dat"]
[Result "0-1"]
[WhiteElo "2360"]
[BlackElo "2138"]
[PlyCount "138"]
[EventDate "2018.04.27"]
[EventType "swiss"]
[EventRounds "9"]
[EventCountry "VIE"]
[SourceTitle "CBM 184 Extra"]
[Source "ChessBase"]
[SourceDate "2018.06.28"]
[SourceVersion "1"]
[SourceVersionDate "2018.06.28"]
[SourceQuality "1"]

1. g3 g6 2. Bg2 Bg7 3. c4 Nf6 4. Nc3 0-0 5. e4 c5 6. Nge2 Nc6 7. 0-0 d6 8. d3 Ne8 9. Be3 a6 10. d4 cxd4 11. Nxd4 Ne5 12. b3 Ng4 13. Bc1 Nc7 14. h3 Ne5 15. Be3 Bd7 16. Rc1 Nc6 17. Nde2 b5 18. Bb6 Qb8 19. Bxc7 Qxc7 20. cxb5 axb5 21. Nxb5 Qb6 22. Nec3 Na7 23. Nxa7 Rxa7 24. Nd5 Qd8 25. Rc2 Be6 26. Nb4 Qb6 27. Qd2 Rc8 28. Rfc1 Rac7 29. Rxc7 Rxc7 30. Rxc7 Qxc7 31. Nd5 Qa7 32. a4 Be5 33. a5 Kf8 34. b4 Bxd5 35. exd5 Qd4 36. Qh6+ Kg8 37. Qe3 Qxb4 38. a6 Bd4 39. a7 Bxe3 40. a8Q+ Kg7 41. fxe3 Qe1+ 42. Kh2 Qxe3 43. Qa1+ Kg8 44. Qa4 Kf8 45. h4 Qe5 46. Qg4 h5 47. Qf3 Qb2 48. Kh1 Qa1+ 49. Bf1 Qe5 50. Bd3 Kg7 51. Kg2 Qb2+ 52. Kh3 Qd4 53. Bb5 Qc5 54. Be8 Qc8+ 55. Kh2 Qxe8 56. Qc3+ Kg8 57. Qc7 Kf8 58. Qc3 f6 59. Qe3 Kg7 60. Qe6 Qf7 61. Qd7 f5 62. Kg1 Qf6 63. Qe8 Qd4+ 64. Kh2 Qf2+ 65. Kh3 Qe1 66. Kg2 Qe4+ 67. Kg1 Qe2 68. Kh1 f4 69. gxf4 Qf1+ 0-1

[Event "Hanoi HD Bank op-A 8th"]
[Site "Hanoi"]
[Date "2018.03.12"]
[Round "5"]
[White "Vo, Thanh Ninh"]
[Black "Luong, Phuong Hanh"]
[Result "1-0"]
[WhiteElo "2370"]
[BlackElo "2192"]
[PlyCount "69"]
[EventDate "2018.03.10"]
[EventType "swiss"]
[EventRounds "9"]
[EventCountry "VIE"]
[SourceTitle "CBM 183 Extra"]
[Source "ChessBase"]
[SourceDate "2018.04.19"]
[SourceVersion "1"]
[SourceVersionDate "2018.04.19"]
[SourceQuality "1"]

1. g3 Nf6 2. Bg2 d5 3. Nf3 g6 4. 0-0 Bg7 5. d3 0-0 6. Nbd2 Nc6 7. e4 e5 8. Re1 Re8 9. exd5 Nxd5 10. c3 a5 11. a4 Nf6 12. Nc4 e4 13. dxe4 Qxd1 14. Rxd1 Rxe4 15. Nd4 Nxd4 16. cxd4 Re8 17. Bd2 Ne4 18. Bxa5 c6 19. Bc7 b5 20. Ne5 Ra7 21. Bb8 Rb7 22. Bxe4 Rxb8 23. Bxc6 Re7 24. Bxb5 Bb7 25. f4 g5 26. fxg5 Bxe5 27. dxe5 Rxe5 28. h4 Re3 29. Ra3 Re4 30. Rc3 Kg7 31. Kf2 Rb4 32. b3 Re4 33. Rd6 Ba8 34. Rc7 Re5 35. g4 1-0

[Event "Hanoi HD Bank op-A 8th"]
[Site "Hanoi"]
[Date "2018.03.11"]
[Round "3"]
[White "Vo, Thanh Ninh"]
[Black "Tran, Tuan Minh"]
[Result "0-1"]
[WhiteElo "2370"]
[BlackElo "2522"]
[PlyCount "76"]
[EventDate "2018.03.10"]
[EventType "swiss"]
[EventRounds "9"]
[EventCountry "VIE"]
[SourceTitle "CBM 183 Extra"]
[Source "ChessBase"]
[SourceDate "2018.04.19"]
[SourceVersion "1"]
[SourceVersionDate "2018.04.19"]
[SourceQuality "1"]

1. Nf3 Nf6 2. g3 b6 3. Bg2 Bb7 4. 0-0 e6 5. c4 Be7 6. Nc3 0-0 7. d4 Ne4 8. Qc2 Nxc3 9. Qxc3 c5 10. Be3 d6 11. Rfd1 Qc7 12. Rac1 Nc6 13. a3 e5 14. dxe5 dxe5 15. Nxe5 Bf6 16. Bf4 Nd4 17. Bxb7 Nxe2+ 18. Kf1 Nxc3 19. Rd7 Qb8 20. Re1 Re8 21. bxc3 g5 22. Re4 Bxe5 23. Bxe5 Rxe5 24. Bxa8 Rxe4 25. Bxe4 Qe8 26. Bc6 Qc8 27. Ba4 Qa6 28. Bd1 Qxc4+ 29. Kg2 g4 30. h3 Qe4+ 31. Kh2 Qe1 32. hxg4 Qxf2+ 33. Kh3 Qe3 34. g5 Qxg5 35. Rxa7 Qd5 36. Ba4 Qh5+ 37. Kg2 Qe2+ 38. Kh3 b5 0-1

[Event "Hanoi HD Bank op-A 8th"]
[Site "Hanoi"]
[Date "2018.03.10"]
[Round "2"]
[White "Sivuk, Vitaly"]
[Black "Vo, Thanh Ninh"]
[Result "0-1"]
[WhiteElo "2526"]
[BlackElo "2370"]
[PlyCount "86"]
[EventDate "2018.03.10"]
[EventType "swiss"]
[EventRounds "9"]
[EventCountry "VIE"]
[SourceTitle "CBM 183 Extra"]
[Source "ChessBase"]
[SourceDate "2018.04.19"]
[SourceVersion "1"]
[SourceVersionDate "2018.04.19"]
[SourceQuality "1"]

1. e4 c5 2. Nf3 Nc6 3. d4 cxd4 4. Nxd4 g6 5. c4 Bg7 6. Be3 Nf6 7. Nc3 Ng4 8. Qxg4 Nxd4 9. Qd1 Ne6 10. Qd2 Qa5 11. Rc1 d6 12. a3 b6 13. Be2 Bb7 14. f3 g5 15. 0-0 h5 16. Bd1 Bc6 17. Rf2 Be5 18. Nd5 Qxd2 19. Rxd2 h4 20. b4 Rc8 21. Bb3 Kf8 22. Rcc2 Bf4 23. Bxf4 gxf4 24. h3 Rg8 25. Nc3 Ng5 26. Kf2 Rg6 27. Nd5 e5 28. c5 dxc5 29. bxc5 bxc5 30. Rxc5 Rd6 31. Ra5 Ne6 32. Rxa7 Bb5 33. a4 Ba6 34. Rc2 Rb8 35. Ba2 Bd3 36. Rd2 Rc6 37. Nf6 Rc1 38. Nd7+ Kg7 39. Re2 Bxe2 40. Kxe2 Rb2+ 41. Kd3 Rxa2 42. Nxe5 Nc5+ 43. Kd4 Rd2+ 0-1

[Event "Johor op 4th"]
[Site "Johor"]
[Date "2017.12.12"]
[Round "3"]
[White "Khandhar, Kaushal"]
[Black "Vo, Thanh Ninh"]
[Result "0-1"]
[WhiteElo "1981"]
[BlackElo "2399"]
[PlyCount "59"]
[EventDate "2017.12.11"]
[EventType "swiss"]
[EventRounds "9"]
[EventCountry "MAS"]
[SourceTitle "CBM 182 Extra"]
[Source "ChessBase"]
[SourceDate "2018.02.23"]
[SourceVersion "1"]
[SourceVersionDate "2018.02.23"]
[SourceQuality "1"]

1. d4 Nf6 2. Nf3 e6 3. Bf4 b6 4. e3 Bb7 5. Nbd2 g6 6. Bd3 Bg7 7. c3 0-0 8. Qe2 d6 9. h4 Nbd7 10. 0-0-0 Qe7 11. h5 e5 12. hxg6 hxg6 13. Bg5 e4 14. Bc2 exf3 15. gxf3 Qe6 16. Rdg1 Rfe8 17. Qd3 Nh7 18. Bh6 Ndf8 19. e4 Qf6 20. Be3 c5 21. d5 a5 22. Qb5 Ba6 23. Qxb6 Reb8 24. Qc6 Rxb2 25. Kxb2 Qxc3+ 26. Kc1 Bd3 27. Qa4 Rb8 28. Kd1 Rb4 29. Nb1 Qa1 30. Qa3 0-1